000 00647nam a2200241Ia 4500
003 OSt
005 20220918110504.0
006 a|||||r|||| 00| 0
007 ta
008 220915b |||||||| |||| 00| 0 eng d
024 _a15305
037 _cReference Collections
040 _aARTS
_cARTS
_beng
041 _2eng
_aeng
082 _aNk, L5;M1(RR)
100 _aOsborne Harold
_98030
245 0 _aOxford companion to 20th century art
260 _aOxford
_bOxford Univ
_c1981
300 _ax, 656p.
650 _aARTS
942 _hNk, L5;M1(RR)
_cREF
999 _c113026
_d113026